000 00373nam a2200133Ia 4500
008 200619s9999 xx 000 0 und d
020 _a9800000000000
100 _aGordon StewartJohnson Gordon
245 4 _aThe Marathas 1600-1818
264 _bCambridge University Press
_c1993
300 _a220
942 _cIR
999 _c120345
_d120345